Normal view
MARC view
- Ren, Xixi.
Entry Personal Name
001 - CONTROL NUMBER
- control field: 55618
003 - CONTROL NUMBER IDENTIFIER
- control field: OSt
005 - DATE AND TIME OF LATEST TRANSACTION
- control field: 20240401095413.0
008 - FIXED-LENGTH DATA ELEMENTS
- fixed length control field: 240401|| aca||aabn | a|a d
040 ## - CATALOGING SOURCE
- Original cataloging agency: OSt
- Transcribing agency: OSt
100 ## - HEADING--PERSONAL NAME
- Personal name: Ren, Xixi.
- Relator term: author.
670 ## - SOURCE DATA FOUND
- Source citation: Work cat.: (OSt): Hang, Jun. author. 55615, A voltage-distortion-based method for robust detection and location of interturn fault in permanent magnet synchronous machine /, September 2022.
